عالمی اردو ادب / (Record no. 174383)

MARC details
000 -LEADER
fixed length control field 00624nam a22002297a 4500
005 - DATE AND TIME OF LATEST TRANSACTION
control field 20200611104230.0
010 ## - LCCN (DPL NO)
LC control number A-502019
020 ## - INTERNATIONAL STANDARD BOOK NUMBER
Terms of availability 100.00
035 ## - SYSTEM CONTROL NUMBER
System control number A-502019
037 ## - SOURCE OF ACQUISITION
Source of stock number/acquisition Cen Lib/Ret
082 ## - DEWEY DECIMAL CLASSIFICATION NUMBER
Classification number 840
100 ## - MAIN ENTRY--PERSONAL NAME
Personal name نند کشور کریم
245 ## - TITLE STATEMENT
Title عالمی اردو ادب /
Statement of responsibility, etc نند کشور کریم
246 ## - VARYING FORM OF TITLE
Title proper/short title Aalmi Urdu Adab /
Remainder of title by Nand Kishore Karim
260 ## - PUBLICATION, DISTRIBUTION, ETC. (IMPRINT)
Date of publication, distribution, etc 1991 ء
300 ## - PHYSICAL DESCRIPTION
Extent 399p.
Dimensions 21cm(Hb)
650 ## - SUBJECT ADDED ENTRY--TOPICAL TERM
Topical term or geographic name as entry element اردو ادب
650 ## - SUBJECT ADDED ENTRY--TOPICAL TERM
Topical term or geographic name as entry element اردو ادب
650 ## - SUBJECT ADDED ENTRY--TOPICAL TERM
Topical term or geographic name as entry element Urdu literature
650 ## - SUBJECT ADDED ENTRY--TOPICAL TERM
Topical term or geographic name as entry element Urdu literature
942 ## - ADDED ENTRY ELEMENTS (KOHA)
Source of classification or shelving scheme Dewey Decimal Classification
Item type Urdu Bks
Classification part 840
Call number suffix ع ا ل
Holdings
Withdrawn status Lost status Not for loan Collection code Home library Current library Date acquired Source of acquisition Cost, normal purchase price Full call number Barcode Copy number Cost, replacement price Koha item type
      Non-fiction Central Library Central Library 11/06/2020 BPPD/Ven. 100.00 840 ع ا ل A-502019 1 100.00 Urdu Bks

© Delhi Public Library
Hit Counter
free hit counter